000 00561nam a22001697a 4500
003 UA-OsUOA
001 19589
007 ta
008 20040905b un ||||| |||| 00| 0 ukr d
942 _cSA
040 _aUA-OsUOA
_cUA-OsUOA
_dUA-OsUOA
245 _aСоціально-економічне становище [Рокитнів.] району за перше півріччя 2004 року
300 _aС.2
955 _a0
773 0 _w0
_tРокитнівщина
_dРокитне
_d2004
_g№63/11 серп./
650 7 _aКраєзнавча робота
_2UDC
999 _c305760
_d305760